| 000 | 00770nam a2200217 a 4500 | ||
|---|---|---|---|
| 001 | 000021452 | ||
| 005 | 20200930011330.0 | ||
| 008 | 100908t1991 xxuc 001 0bspa d | ||
| 040 |
_aDO-SdBNP _bspa _cBNPHU |
||
| 082 |
_a327.7293092 _bR896P |
||
| 100 | 1 |
_aPeña Rivera, Víctor A., _d1935- _944747 |
|
| 245 | 1 | 3 |
_aEl playboy Porfirio Rubirosa : _bsu vida y sus tiempos / _cVíctor A. Peña-Rivera. |
| 260 |
_aMiami : _bNew Idea Printing, _c1991. |
||
| 300 |
_a334 p. : _bretrs. ; _c23 cm. |
||
| 504 | _aBibliografía : p. 332. | ||
| 590 | _aInventariado, 2018/BT | ||
| 600 | 1 | 4 |
_aRUBIROSA, PORFIRIO, _d1909-1965 _97030 |
| 650 | 4 |
_aDiplomáticos dominicanos _xBiografías _934346 |
|
| 650 | 4 |
_aCelebridades _xBiografías _97033 |
|
| 910 | _aValidado. Control de calidad. EMS | ||
| 999 |
_c20952 _d20952 |
||